| 000 | 01030nam a22002537a 4500 | ||
|---|---|---|---|
| 005 | 20170124103027.0 | ||
| 010 | _aB-141674 | ||
| 020 |
_c150.00 _a8189056018 |
||
| 035 | _aB-141674 | ||
| 037 | _bCen Lib/Ret | ||
| 040 |
_aDPL _bHN |
||
| 082 |
_aक _bशुक्लम |
||
| 100 |
_aशुक्ल, मत्स्येन्द्र _942758 |
||
| 245 |
_aराजवंती / _cमत्स्येन्द्र शुक्ल |
||
| 246 |
_aRajvanti / _bby Matsyendra Shukla |
||
| 260 |
_aइलहाबाद _bशिवम् प्रकाशन _c2004 |
||
| 270 |
_a190बी/10, राजुपपुर _bइलहाबाद |
||
| 300 |
_a128पृ. _c20सेमी (सजिल्द ) |
||
| 650 |
_aहिंदी साहित्य _x _z _9102989 |
||
| 650 |
_aहिंदी साहित्य--लघु कथाएँ _v _9102990 |
||
| 650 |
_aHindi literature _9102991 |
||
| 650 |
_aHindi literature--Short Stories _9102992 |
||
| 942 |
_2ddc _cHN _hक _mशुक्लम |
||
| 999 |
_c115640 _d115640 |
||